000
00286nam a22001337a 4500
003
SGT
020
_a
9788131534175
082
_a
658.15
_b
NAR
100
_a
NARASIMHAN, M.S
245
_a
MANAGEMENT ACCOUNTING
260
_b
CENGAGE PUBLISHER
_c
2017
300
_a
300
942
_2
ddc
_c
BK
_0
5
999
_c
16247
_d
16247